Normal view
MARC view
- Edited: Bennis,Warren G / Benne,Kenneth D / Chin,Robert / Corey,Kenneth E
Entry Personal Name
001 - CONTROL NUMBER
- control field: 2896
003 - CONTROL NUMBER IDENTIFIER
- control field: JO-AjAnu
005 - DATE AND TIME OF LATEST TRANSACTION
- control field: 20230606070758.0
008 - FIXED-LENGTH DATA ELEMENTS
- fixed length control field: 230606|| aca||aabn | a|a d
040 ## - CATALOGING SOURCE
- Original cataloging agency: JO-AjAnu
- Transcribing agency: JO-AjAnu
100 ## - HEADING--PERSONAL NAME
- Personal name: Edited: Bennis,Warren G / Benne,Kenneth D / Chin,Robert / Corey,Kenneth E
670 ## - SOURCE DATA FOUND
- Source citation: Work cat.: (JO-AjAnu)1517: Edited: Bennis,Warren G / Benne,Kenneth D / Chin,Robert / Corey,Kenneth E, author, The Planning of Change